000 01149naa a22003017a 4500
001 BR8205039
003 BR-BrBNA
005 20250721143210.0
007 ta
008 250630b bl.|||m| |||| 00| 0 por d
040 _aBR-BrBNA
_bpor
_cBiblioteca Nacional de Agricultura
041 _a(Pt)
072 _aD10; E10
_b/G514
090 _aD10 BR8205039
100 1 _aMaximiano, A.C.A.
100 1 _aSbragia, R.
100 1 _aBrugnaro, C.
245 1 _aComportamento gerencial [empresa agricola, administracao agricola, Brasil]
500 _aGerencia agricola em destilarias de alcool Brugnaro, C.Sbragia, R. (eds.) Piracicaba, SP (Brasil): 1982. p. 163-192 (BR8205039-AMS)
773 0 _tGerencia agricola em destilarias de alcool
_aBrugnaro, C.; Sbragia, R. (eds.). Programa Nacional de Melhoramento da Cana-de-Acucar, Piracicaba, SP (Brasil)
_wD10 BR8205039
_gPiracicaba, SP (Brasil), 1982. p. 163-192
650 _aEMPRESA AGRICOLA
650 _aDESTILARIA
650 _aADMINISTRACAO
650 _aRECURSO HUMANO
490 _aColecao PLANALSUCAR (Brazil)
_vno. 1
942 _cAMS
_2AGRIS
909 _a202506
_bLúcia
_c55
_dLúcia Elande
999 _c334305
_d334305